ARRUPE JESUIT UNIVERSITY

CORONAVIRUS -STOP THE SPREAD - CLEAN,DISINFECT,COVER

Wider than the sky : (Record no. 121871)

MARC details
000 -LEADER
fixed length control field 01569cam a22002894a 4500
001 - CONTROL NUMBER
control field 13350721
003 - CONTROL NUMBER IDENTIFIER
control field ARRUPE
005 - DATE AND TIME OF LATEST TRANSACTION
control field 20150123130625.0
008 - FIXED-LENGTH DATA ELEMENTS--GENERAL INFORMATION
fixed length control field 030924s2004 ctua b 001 0 eng
010 ## - LIBRARY OF CONGRESS CONTROL NUMBER
LC control number 2003021089
020 ## - INTERNATIONAL STANDARD BOOK NUMBER
International Standard Book Number 0300102291 (alk. paper)
040 ## - CATALOGING SOURCE
Original cataloging agency DLC
Transcribing agency DLC
Modifying agency DLC
042 ## - AUTHENTICATION CODE
Authentication code pcc
050 00 - LIBRARY OF CONGRESS CALL NUMBER
Classification number QP411
Item number .E346 2004
082 00 - DEWEY DECIMAL CLASSIFICATION NUMBER
Classification number 153
Edition number 22
300 ## - PHYSICAL DESCRIPTION
Other physical details ill. ;
Dimensions 22 cm.
100 1# - MAIN ENTRY--PERSONAL NAME
Personal name Edelman, Gerald M.
9 (RLIN) 14549
245 10 - TITLE STATEMENT
Title Wider than the sky :
Remainder of title the phenomenal gift of consciousness /
Statement of responsibility, etc Gerald M. Edelman.
260 ## - PUBLICATION, DISTRIBUTION, ETC. (IMPRINT)
Place of publication, distribution, etc New Haven :
Name of publisher, distributor, etc Yale University Press,
Date of publication, distribution, etc c2004.
300 ## - PHYSICAL DESCRIPTION
Extent xiii, 201 p. :
504 ## - BIBLIOGRAPHY, ETC. NOTE
Bibliography, etc Includes bibliographical references (p. 181-185) and index.
505 0# - FORMATTED CONTENTS NOTE
Formatted contents note The mind of man: completing Darwin's program -- Consciousness: the remembered present -- Elements of the brain -- Neural Darwinism: a global brain theory -- The mechanisms of consciousness -- Wider than the sky: qualia, unity, and complexity -- Consciousness and causation: the phenomenal transform -- The conscious and the nonconscious: automaticity and attention -- Higher-order consciousness and representation -- Theory and the properties of consciousness -- Identity: the self, mortality, and value -- Mind and body: some consequences.
650 #0 - SUBJECT ADDED ENTRY--TOPICAL TERM
Topical term or geographic name as entry element Consciousness
General subdivision Physiological aspects.
9 (RLIN) 14527
650 #0 - SUBJECT ADDED ENTRY--TOPICAL TERM
Topical term or geographic name as entry element Brain
General subdivision Physiology.
9 (RLIN) 14383
906 ## - LOCAL DATA ELEMENT F, LDF (RLIN)
a 7
b cbc
c orignew
d 1
e ecip
f 20
g y-gencatlg
942 ## - ADDED ENTRY ELEMENTS (KOHA)
Source of classification or shelving scheme Library of Congress Classification
Koha item type Monograph ( Printed materials)
Holdings
Withdrawn status Lost status Source of classification or shelving scheme Damaged status Not for loan Collection code Home library Current library Shelving location Date acquired Total Checkouts Full call number Barcode Date last seen Price effective from Koha item type
    Library of Congress Classification     Main Collection ARRUPE LIBRARY ARRUPE LIBRARY Main Collection 21/01/2015   QP411 .E346 2004 46500003001 02/07/2019 21/01/2015 Monograph ( Printed materials)

 

Arrupe Library. PO Box MP320 Mt Pleasant, Harare, Zimbabwe
263 242 745411|librarian@aju.ac.zw